| 000 | 00401mam a2200145 a 4500 | ||
|---|---|---|---|
| 082 |
_a371.102 _bHIG _cD |
||
| 100 | 1 |
_aHighet, Gilbert, _949670 |
|
| 245 | 1 | 4 |
_aThe art of teaching / _cGilbert Highet. |
| 260 |
_aNew York : _bKnopf, _c1956. |
||
| 300 |
_axvii, 259, vii p. ; _c22 cm. |
||
| 526 |
_a0 _b0 _c0 _d371_102000000000000_HIG |
||
| 650 | 0 |
_aMCE _9379 |
|
| 650 | 0 |
_aTeaching. _949671 |
|
| 942 |
_2ddc _cBK |
||
| 999 |
_c552459 _d552459 |
||